| 000 | 01154cad a22002055a 4500 | ||
|---|---|---|---|
| 001 | L155098 | ||
| 008 | 120229s2012 xxk f 000 0 eng d | ||
| 035 | _a(Sirsi) u155098 | ||
| 041 | 0 | _aeng | |
| 110 | 2 |
_aErnst & Young _94001 |
|
| 245 | 0 | 0 |
_aRenewable energy country attractiveness indices _h[electronic resource] |
| 260 |
_aLondon _bErnst & Young _c2012 |
||
| 520 | _aErnst & Young's latest quarterly renewable energy Country Attractiveness Indices report ranks 40 countries in order of their attractiveness for investment in renewable energy. Reports that this sector will continue to prosper in the emerging markets in 2012 while more established markets face increasing financial constraints, especially within the Eurozone. The UK has climbed a place into fifth position as a result of several large offshore wind projects that are currently in the pipeline . | ||
| 590 | _aKA NTK | ||
| 651 | 4 | _aInternational | |
| 690 |
_aEnergy _96237 |
||
| 690 |
_aSustainability _96271 |
||
| 856 | 4 | 0 |
_uhttps://www.ey.com/Publication/vwLUAssets/CAI_issue_32_Feb_2012/$FILE/CAI_issue_32_Feb_2012.pdf _zView the item free of charge at www.ey.com |
| 942 | _n0 | ||
| 999 |
_c113319 _d113319 |
||